PURIFICATION OF VACCINIA VIRUS BY ZONAL CENTRIFUGATION AND ANALYSIS OF VIRAL PROTEIN COMPOSITION

Bibliographic Details
Main Authors: Madaliński, W. (Author), Bańkovski, A. (Author), Korbecki, M. (Author)
Format: Article
Language:English

MARC

LEADER 00000nab a2200000uu 4500
001 vtls011455682
003 SK-MaSNL
005 20260303151439.0
008 230222|1977 xo |||||||||||||||||eng|
015 |a SNBRB 
035 |a (urnnbn)urn:nbn:sk:snk:ar-a07tch 
035 |a (uuid)79c10801-5d7a-4679-826a-ce1a7795ffa4 
035 |a urn:nbn:sk:snk-abcqo9 
040 |a SNKBUCL  |b slo  |c SNKBUCL  |e AACR2 
041 0 |a eng 
044 |a xo  |c SK 
100 1 |a Madaliński, W.  |4 aut  |9 1171028 
245 1 0 |a PURIFICATION OF VACCINIA VIRUS BY ZONAL CENTRIFUGATION AND ANALYSIS OF VIRAL PROTEIN COMPOSITION  |c W. Madaliński, A. Bańkovski, M. Korbecki 
700 1 |a Bańkovski, A.  |4 aut  |9 1171029 
700 1 |a Korbecki, M.  |4 aut  |9 939888 
773 0 |t Acta virologica  |g Roč. 21, č. 2 (1977), s. 104-108 
958 |a OND 
958 |a EUIPO 
958 |a article16 
999 |c 2017754  |d 2019684